Score 0/31 Timer 04:00
2 Plays Today
# of Mules Country % Correct
28,000United States of America
92.7%
3,280,000Mexico
89.6%
2,697,000China
89%
1,269,200Brazil
88.6%
185,000Argentina
85.3%
112,000India
84.4%
300,000Peru
80%
310,310Colombia
74.6%
72,000Venezuela
69.7%
170,000Pakistan
66.1%
82,000Bolivia
65%
175,000Iran
63.6%
110,000Spain
63.1%
118,864Ecuador
62.2%
32,714France
59.6%
48,076Turkey
59.3%
# of Mules Country % Correct
25,000Afghanistan
55.4%
38,700Guatemala
53.9%
69,600Honduras
53.4%
48,000Nicaragua
49.1%
40,000Portugal
49%
20,000 (Tie)Cuba
47.5%
20,000 (Tie)Greece
47.3%
24,000El Salvador
47%
500,000Morocco
44.4%
40,000Algeria
42.1%
82,000Haiti
33.8%
140,500Dominican Republic
32%
81,000Tunisia
30.6%
385,374Ethiopia
29.4%
22,000Somalia
22.5%
Remove Ads.
Support Sporcle.
Get the best of Sporcle when you Go Orange. This ad-free experience offers more features, more stats, and more fun while also helping to support Sporcle. Thank you for becoming a member.

You're not logged in!

Compare scores with friends on all Sporcle quizzes.
OR
Log In

Show Comments

Extras

Top Quizzes Today


Score Distribution

Your Account Isn't Verified!

In order to create a playlist on Sporcle, you need to verify the email address you used during registration. Go to your Sporcle Settings to finish the process.

Report this User

Report this user for behavior that violates our Community Guidelines.

Details: